000 00393nam a2200157Ia 4500
005 20250109054424.0
008 240331s9999 xx 000 0 und d
020 _a0297798030
082 _bBOS
_a940
100 _aBosher, J.F
245 4 _aThe french revolution :
_ba new interpretation
260 _aLondon
_bGreat Britain
_c1989
300 _alxi, 353 p .,
500 _aA Novel
942 _cL
999 _c3546
_d3546